[Event "6th Vardaris Open 2020"]
[Site "Thessaloniki GRE"]
[Date "2020.03.01"]
[Round "5.6"]
[White "Bullen, Alex"]
[Black "Nesteretz, A."]
[Result "1/2-1/2"]
[WhiteElo "2037"]
[BlackElo "2385"]
[PlyCount "63"]
[EventDate "2020.02.27"]
[EventType "swiss"]
[EventRounds "7"]
[EventCountry "GRE"]
[WhiteTeam "Wales"]
[BlackTeam "Estland"]
[WhiteTeamCountry "WLS"]
[BlackTeamCountry "EST"]

1. d4 Nf6 2. Nf3 g6 3. Nbd2 Bg7 4. e4 d6 5. Bd3 O-O 6. O-O Nc6 7. Re1 e5 8.
dxe5 dxe5 9. Nc4 Nd7 10. c3 a5 11. Bg5 f6 12. Be3 f5 13. exf5 gxf5 14. Ng5 Qe8
15. Na3 Kh8 16. Nb5 e4 17. Nxc7 Qg6 18. Nge6 Rg8 19. Nf4 Qd6 20. Nxa8 exd3 21.
Qxd3 Qb8 22. Nb6 Nxb6 23. Ng6+ hxg6 24. Bxb6 Rf8 25. Bc5 Rd8 26. Qh3+ Kg8 27.
Bb6 Rf8 28. Bc5 f4 29. Qh4 Rd8 30. Bb6 Rf8 31. Bc5 Rd8 32. Bb6 1/2-1/2

[Event "6th Vardaris Open 2020"]
[Site "Thessaloniki GRE"]
[Date "2020.03.01"]
[Round "6.10"]
[White "Bullen, Alex"]
[Black "Ladopoulos, D."]
[Result "1/2-1/2"]
[WhiteElo "2037"]
[BlackElo "2253"]
[PlyCount "73"]
[EventDate "2020.02.27"]
[EventType "swiss"]
[EventRounds "7"]
[EventCountry "GRE"]
[WhiteTeam "Wales"]
[BlackTeam "Estland"]
[WhiteTeamCountry "WLS"]
[BlackTeamCountry "EST"]

1. d4 d6 2. Nf3 Nf6 3. Nc3 c6 4. a4 Bg4 5. e4 Nbd7 6. Bc4 d5 7. exd5 Nb6 8. Be2
Bxf3 9. Bxf3 cxd5 10. a5 Nc4 11. Qe2 Rc8 12. b3 Nxa5 13. Nxd5 Nxd5 14. Qb5+ Nc6
15. Bxd5 Qd7 16. O-O a6 17. Bxc6 axb5 18. Bxd7+ Kxd7 19. Ra7 Kc6 20. d5+ Kxd5
21. Rxb7 Kc6 22. Ra7 e5 23. Rxf7 Kd5 24. Rd7+ Ke6 25. Rb7 Rxc2 26. Rxb5 Bc5 27.
Be3 Bxe3 28. fxe3 Ra8 29. e4 g6 30. Rb6+ Kd7 31. Rb7+ Ke8 32. Rxh7 Raa2 33. g3
Rg2+ 34. Kh1 Rge2 35. Rc1 Kd8 36. Rd1+ Ke8 37. Rc1 1/2-1/2

[Event "Serbia Chess Open 2021"]
[Site "Belgrade SRB"]
[Date "2021.07.02"]
[Round "1.63"]
[White "Fernandez, Dani"]
[Black "Strugnell, C."]
[Result "1/2-1/2"]
[WhiteElo "2440"]
[BlackElo "2229"]
[PlyCount "80"]
[EventDate "2021.07.02"]
[EventType "swiss"]
[EventRounds "9"]

1. c4 e6 2. g3 d5 3. Bg2 Nf6 4. Nf3 dxc4 5. Qa4+ c6 6. Qxc4 b5 7. Qc2 Bb7 8. a4
Nbd7 9. O-O Be7 10. Nd4 Rc8 11. d3 Nc5 12. Nb3 Nxa4 13. Nc3 Nxc3 14. Rxa7 Nxe2+
15. Qxe2 Ba8 16. Rxa8 Rxa8 17. Bxc6+ Nd7 18. Bxa8 Qxa8 19. Nd4 Qa6 20. Qc2 Bf6
21. Be3 O-O 22. Qc6 Qxc6 23. Nxc6 Ra8 24. b4 Ne5 25. Nxe5 Bxe5 26. Kg2 Ra1 27.
Rxa1 Bxa1 28. Bc5 g5 29. Kf3 f5 30. Ke3 Bc3 31. h3 h5 32. f3 Kf7 33. g4 hxg4
34. hxg4 fxg4 35. fxg4 e5 36. Kf3 Ke6 37. Ke4 Be1 38. Bf8 Bc3 39. Bc5 Be1 40.
Bf8 Bc3 1/2-1/2

[Event "2nd Cyprus Int Open 2021"]
[Site "Larnaka CYP"]
[Date "2021.10.30"]
[Round "9.7"]
[White "Brown, Thomas"]
[Black "Kushko, Dmitriy"]
[Result "1-0"]
[WhiteElo "2123"]
[BlackElo "2322"]
[PlyCount "74"]
[EventDate "2021.10.22"]

1. d4 Nf6 2. Nf3 c5 3. d5 d6 4. Nc3 g6 5. e4 Bg7 6. Bb5+ Nfd7 7. a4 O-O 8. O-O
Na6 9. Re1 Nc7 10. Bf4 Bxc3 11. bxc3 Nxb5 12. axb5 f6 13. Bh6 Re8 14. h4 Nb6
15. Nd2 a6 16. c4 Bd7 17. bxa6 Rxa6 18. Rxa6 bxa6 19. f4 e5 20. f5 Kh8 21. fxg6
hxg6 22. Qf3 Kh7 23. Be3 Kg7 24. h5 gxh5 25. Qxh5 Rh8 26. Qf3 Rh4 27. Rf1 Rg4
28. Rb1 Rg6 29. Bf2 Bc8 30. Qb3 Nd7 31. Nf3 Rg4 32. Nh4 Nf8 33. Qb8 Kh8 34. Rb6
Nd7 35. Rxd6 Qg8 36. Qc7 Rxe4 37. Rc6 Qg5 1-0

[Event "2nd EJCOA Forest Hall Inv"]
[Site "Newcastle ENG"]
[Date "2021.12.18"]
[Round "2.1"]
[White "Blackburn, J."]
[Black "Wadsworth, Matthew J"]
[Result "1/2-1/2"]
[WhiteElo "2226"]
[BlackElo "2420"]
[PlyCount "75"]
[EventDate "2021.12.17"]
[WhiteTeam "Niue"]
[WhiteTeamCountry "NNN"]

1. d4 Nf6 2. c4 c5 3. d5 e6 4. Nc3 exd5 5. cxd5 d6 6. e4 g6 7. h3 Bg7 8. Nf3
O-O 9. Bd3 Nh5 10. O-O Nd7 11. Bg5 Bf6 12. Bh6 Re8 13. Be2 a6 14. a4 Rb8 15.
Nd2 Ng7 16. Nc4 Ne5 17. Ne3 g5 18. Kh2 Bd7 19. g3 Ng6 20. Bg4 Bxg4 21. Nxg4
Bxc3 22. bxc3 Ne5 23. f4 Nxg4+ 24. Qxg4 Rxe4 25. Bxg7 Kxg7 26. Rae1 Rxe1 27.
Rxe1 h6 28. h4 Qf6 29. Re2 b5 30. axb5 axb5 31. fxg5 hxg5 32. Kg2 b4 33. Rf2
Qg6 34. h5 Qh6 35. Qd7 Rf8 36. cxb4 cxb4 37. g4 Kg8 38. Qb7 1/2-1/2

[Event "60th World Juniors 2023"]
[Site "Mexico City MEX"]
[Date "2023.09.22"]
[Round "3.30"]
[White "Rathbone-Jones, Ifan"]
[Black "Gallo Garcia, Kemel Antonio"]
[Result "1/2-1/2"]
[WhiteElo "1942"]
[BlackElo "2356"]
[PlyCount "103"]
[EventDate "2023.09.21"]
[EventType "swiss"]
[EventRounds "11"]
[EventCountry "MEX"]

1. d4 Nf6 2. Nf3 d5 3. Bf4 c5 4. e3 Nc6 5. c3 e6 6. Nbd2 Nh5 7. Bg3 Qb6 8. Qc2
Nxg3 9. hxg3 g6 10. a4 Bg7 11. a5 Nxa5 12. dxc5 Qd8 13. Bb5+ Nc6 14. Nd4 Bd7
15. Nxc6 bxc6 16. Ba6 O-O 17. O-O f5 18. b4 Qc7 19. Ra3 Rab8 20. Rfa1 g5 21.
Be2 Ra8 22. Qa2 a5 23. Qc2 f4 24. Nf1 fxe3 25. Nxe3 d4 26. cxd4 Bxd4 27. Rd1 e5
28. Qc4+ Kg7 29. Rad3 Bc8 30. Rxd4 exd4 31. Qxd4+ Rf6 32. Ng4 Bxg4 33. Bxg4 Qe7
34. Qa1 Rd8 35. Re1 Qf8 36. Qxa5 Rxf2 37. Bf3 Rdd2 38. Qc7+ Kg8 39. Qxc6 Rxg2+
40. Kh1 Rgf2 41. Qe6+ Kg7 42. Qe5+ Qf6 43. Qxf6+ Kxf6 44. Bb7 Rb2 45. Rc1 Ke7
46. c6 Rfc2 47. Rxc2 Rxc2 48. b5 Kd6 49. b6 Rxc6 50. Bxc6 Kxc6 51. Kg2 Kxb6 52.
Kf3 1/2-1/2

[Event "19th South Wales Int 2024"]
[Site "Bridgend WLS"]
[Date "2024.07.07"]
[Round "4.6"]
[White "Brown, Th"]
[Black "Wells, P."]
[Result "1/2-1/2"]
[WhiteElo "2138"]
[BlackElo "2364"]
[PlyCount "26"]
[EventDate "2024.07.05"]
[EventType "swiss"]
[EventRounds "9"]
[EventCountry "WLS"]

1. d4 Nf6 2. c4 e6 3. Bf4 Bb4+ 4. Nd2 d5 5. cxd5 Qxd5 6. Ngf3 Nc6 7. e3 Ne4 8.
a3 Nxd2 9. Nxd2 Bd6 10. Bxd6 cxd6 11. Qg4 O-O 12. Bc4 Qa5 13. Qe2 Bd7 1/2-1/2

[Event "19th South Wales Int 2024"]
[Site "Bridgend WLS"]
[Date "2024.07.09"]
[Round "7.3"]
[White "Grieve, Harry"]
[Black "Toczek, G."]
[Result "1/2-1/2"]
[WhiteElo "2477"]
[BlackElo "2295"]
[PlyCount "57"]
[EventDate "2024.07.05"]
[EventType "swiss"]
[EventRounds "9"]
[EventCountry "WLS"]

1. e4 e5 2. Nf3 Nc6 3. Bb5 a6 4. Ba4 Nf6 5. O-O Bc5 6. c3 b5 7. Bb3 d6 8. a4
Rb8 9. d4 Bb6 10. a5 Ba7 11. h3 O-O 12. Be3 Ra8 13. Nbd2 Qe7 14. Re1 Nd8 15.
Nf1 c5 16. Ng3 c4 17. Bc2 Qc7 18. Nh4 Ne6 19. Nhf5 Bb7 20. Qf3 Ne8 21. Qg4 Kh8
22. d5 Bxe3 23. Nxe3 Nf4 24. Ne2 Bc8 25. Qh4 Ng6 26. Qg3 Nf6 27. Qf3 Nh4 28.
Qg3 Ng6 29. Qf3 1/2-1/2

[Event "TCh-POL Ekstraliga 2024"]
[Site "Walbrzych POL"]
[Date "2024.10.07"]
[Round "1.27"]
[White "Toczek, G."]
[Black "Kempinski, R."]
[Result "1/2-1/2"]
[WhiteElo "2267"]
[BlackElo "2566"]
[PlyCount "81"]
[EventDate "2024.10.07"]
[EventRounds "9"]
[EventCountry "POL"]
[WhiteTeam "TSz Skoczek Sedziszow Malopolski"]
[BlackTeam "KSz Miedz Legnica"]

1. d4 Nf6 2. Nf3 e6 3. Bg5 h6 4. Bh4 d6 5. Nbd2 g5 6. Bg3 Nh5 7. e3 Bg7 8. Bb5+
Bd7 9. Bxd7+ Nxd7 10. Nf1 f5 11. N3d2 Ndf6 12. f3 Nxg3 13. Nxg3 h5 14. Qe2 Qe7
15. O-O-O h4 16. Ngf1 O-O-O 17. e4 fxe4 18. Nxe4 Nxe4 19. fxe4 Qf6 20. Ne3 Qf4
21. Qd3 g4 22. Rdf1 Qg5 23. Kd1 Bh6 24. Ke2 Qh5 25. Ke1 Rhf8 26. c3 Qg5 27. Ke2
h3 28. g3 Rf3 29. Rxf3 gxf3+ 30. Kf2 Qg6 31. Rd1 Kb8 32. d5 Bxe3+ 33. Qxe3 Rf8
34. dxe6 Qxe6 35. Rd5 c6 36. Rf5 Rxf5 37. exf5 Qxf5 38. Qe7 Kc8 39. Qxd6 Qc2+
40. Kxf3 Qxh2 41. Qe6+ 1/2-1/2

[Event "39th ECC Open 2024"]
[Site "Vrnjacka Banja SRB"]
[Date "2024.10.20"]
[Round "1.39"]
[White "Antic, De"]
[Black "Davis, Le"]
[Result "0-1"]
[WhiteElo "2347"]
[BlackElo "1955"]
[PlyCount "98"]
[EventDate "2024.10.20"]
[WhiteTeam "Crvena zvezda - Data Driven Lab"]
[BlackTeam "White Knights Chess Club"]

1. d4 Nf6 2. Nf3 g6 3. c4 Bg7 4. Nc3 d6 5. e4 O-O 6. Be2 e5 7. O-O Nc6 8. d5
Ne7 9. b4 Nh5 10. g3 f5 11. Ng5 Nf6 12. Bf3 h6 13. Ne6 Bxe6 14. dxe6 Qc8 15.
Ba3 Qxe6 16. exf5 gxf5 17. Bxb7 Rab8 18. Bd5 Nexd5 19. Nxd5 Nxd5 20. Qxd5 Qxd5
21. cxd5 Rb5 22. Rfd1 e4 23. Rac1 Rf7 24. Rc4 a5 25. Rd2 h5 26. bxa5 Bh6 27.
Rdc2 Rxa5 28. Bb4 Rxd5 29. Rxc7 Rxc7 30. Rxc7 Bd2 31. Bxd2 Rxd2 32. a4 d5 33.
a5 Ra2 34. Rc5 d4 35. Rxf5 d3 36. Rd5 Kf7 37. Kf1 Ke6 38. Rd8 Ra1+ 39. Kg2 Rxa5
40. Re8+ Kd5 41. h3 Kd4 42. Rd8+ Kc3 43. Rc8+ Kd2 44. Rc4 Re5 45. Kf1 e3 46.
fxe3 Kxe3 47. Rc1 Rf5+ 48. Kg2 Rf2+ 49. Kg1 Rc2 0-1

[Event "39th ECC Open 2024"]
[Site "Vrnjacka Banja SRB"]
[Date "2024.10.22"]
[Round "3.42"]
[White "Bullen, Alex"]
[Black "Kanyamarala, Tarun"]
[Result "1/2-1/2"]
[WhiteElo "2166"]
[BlackElo "2369"]
[PlyCount "156"]
[EventDate "2024.10.20"]
[WhiteTeam "Cardiff Chess Club"]
[BlackTeam "Gonzaga"]

1. Nf3 d5 2. e3 Nf6 3. c4 e6 4. Nc3 Bd6 5. b3 O-O 6. Bb2 Re8 7. d4 b6 8. cxd5
exd5 9. Bd3 Bb7 10. O-O a6 11. Ne2 Nbd7 12. Rc1 g6 13. Ng3 Ne4 14. Bxe4 dxe4
15. Ne5 Bd5 16. Nc4 Bf8 17. Ne2 Bg7 18. Qc2 Rc8 19. Rfd1 Nf8 20. Nf4 Ne6 21.
Nxd5 Qxd5 22. b4 f5 23. Ne5 f4 24. Qc4 Qxc4 25. Rxc4 Bxe5 26. dxe5 Rcd8 27.
Rcc1 fxe3 28. fxe3 Rxd1+ 29. Rxd1 Rd8 30. Rf1 Rd2 31. Bc3 Rxa2 32. Rf6 Rc2 33.
Be1 Rc6 34. Bh4 g5 35. Bg3 Nd8 36. Rf1 Re6 37. h4 Nc6 38. Rc1 gxh4 39. Bf4 b5
40. Kh2 Kf7 41. Kh3 Nxb4 42. Rxc7+ Re7 43. Rc8 Nd3 44. Kg4 Nxe5+ 45. Kf5 Nd3
46. Bd6 Rd7 47. Rc6 a5 48. Kxe4 Nb2 49. Be5 Nc4 50. Bd4 a4 51. Rh6 Ke8 52. Kd3
Nd6 53. Kc3 Rc7+ 54. Kb4 Rc4+ 55. Ka3 Nf5 56. Rh5 Nxd4 57. exd4 Rxd4 58. Rxb5
Kf8 59. Rb7 Kg8 60. Ra7 Rg4 61. Rxa4 Rg3+ 62. Kb2 Rxg2+ 63. Kc3 h3 64. Rh4 Rg3+
65. Kd2 Kg7 66. Ke2 Kg6 67. Kf2 Rg2+ 68. Kf1 Rg3 69. Kf2 Rg2+ 70. Kf1 h5 71.
Rxh3 Rg4 72. Rh2 Kg5 73. Rg2 Kf4 74. Rxg4+ hxg4 75. Kg2 g3 76. Kg1 Kf3 77. Kf1
g2+ 78. Kg1 Kg3 1/2-1/2

[Event "London Classic Masters"]
[Site "London ENG"]
[Date "2024.11.29"]
[Round "1.21"]
[White "Pert, R."]
[Black "Smith, O."]
[Result "1/2-1/2"]
[WhiteElo "2399"]
[BlackElo "2129"]
[PlyCount "47"]
[EventDate "2024.11.29"]

1. d4 Nf6 2. Nf3 g6 3. g3 Bg7 4. Bg2 c5 5. dxc5 Qa5+ 6. c3 Qxc5 7. Be3 Qc7 8.
Na3 O-O 9. O-O Nc6 10. Nb5 Qa5 11. a4 d6 12. Rc1 Bd7 13. b4 Qd8 14. Qb3 a6 15.
Nbd4 Ng4 16. Bd2 Rc8 17. h3 Nf6 18. Rfd1 Nxd4 19. Nxd4 e5 20. Nf3 Be6 21. Qc2
Bf5 22. Qb3 Be6 23. Qc2 Bf5 24. Qb3 1/2-1/2

[Event "London Classic Masters"]
[Site "London ENG"]
[Date "2024.12.03"]
[Round "6.26"]
[White "Smith, O."]
[Black "Richardson, Joh"]
[Result "1/2-1/2"]
[WhiteElo "2129"]
[BlackElo "2287"]
[PlyCount "94"]
[EventDate "2024.11.29"]

1. e4 c6 2. d4 d5 3. e5 Bf5 4. h4 h5 5. Bd3 Bxd3 6. Qxd3 Qa5+ 7. Nd2 e6 8. Ngf3
Qa6 9. c4 Nh6 10. O-O Nf5 11. Qc3 Be7 12. g3 dxc4 13. Nxc4 Nd7 14. Bg5 Bxg5 15.
Nxg5 Nb6 16. Ne3 Nd5 17. Nxd5 cxd5 18. Qb4 Qb6 19. Qa4+ Qc6 20. Qb4 a5 21. Qd2
O-O 22. Rfc1 Qa4 23. Nf3 Rfc8 24. Rc3 Rxc3 25. Qxc3 b5 26. b3 Qa3 27. Qc6 Rb8
28. Qc7 Rf8 29. Qc2 a4 30. Rb1 Ra8 31. Ng5 axb3 32. Rxb3 Qa4 33. Qb1 Qxd4 34.
Rxb5 Qxe5 35. Kg2 f6 36. Nf3 Qc7 37. Rb7 Qc8 38. a4 Kh7 39. Nd4 Kg6 40. Nxf5
exf5 41. Qb5 Qe6 42. Rxg7+ Kxg7 43. Qb7+ Kg6 44. Qxa8 f4 45. gxf4 Qg4+ 46. Kf1
Qd1+ 47. Kg2 Qg4+ 1/2-1/2